Memoria sobre el estado de la instrucción en esta universidad y establecimientos de enseñanza de su distrito correspondiente al curso académico de 1903 á 1904 ; Anuario para el de 1904 a 1905 ; Variedades. (Record no. 169614)

MARC details
000 -LEADER
campo de control de longitud fija 00746nam a2200169 i 4500
001 - NÚMERO DE CONTROL
campo de control 169614
003 - IDENTIFICADOR DE NÚMERO DE CONTROL
campo de control ES-MaACL
005 - FECHA Y HORA DE LA ÚLTIMA TRANSACCIÓN
campo de control 20230906214138.0
008 - DATOS DE LONGITUD FIJA--INFORMACIÓN GENERAL
campo de control de longitud fija 081022s1904 sp |||| | spa d
110 2# - ENTRADA PRINCIPAL--NOMBRE DE ENTIDAD CORPORATIVA
Nombre de entidad corporativa o nombre de jurisdicción como elemento de entrada Universidad de Salamanca.
9 (RLIN) 7275
245 10 - MENCIÓN DEL TÍTULO
Título Memoria sobre el estado de la instrucción en esta universidad y establecimientos de enseñanza de su distrito correspondiente al curso académico de 1903 á 1904 ; Anuario para el de 1904 a 1905 ; Variedades.
260 ## - PUBLICACIÓN, DISTRIBUCIÓN, ETC.
Lugar de publicación, distribución, etc. Salamanca :
Nombre del editor, distribuidor, etc. [s.n.],
Fecha de publicación, distribución, etc. 1904 (
Fabricante Imp. y Lib. de Francisco Núñez Izquierdo)
300 ## - DESCRIPCIÓN FÍSICA
Extensión 53 p. ;
Dimensiones 31 cm.
500 ## - NOTA GENERAL
Nota general Precede al tít.: Universidad de Salamanca.
610 24 - PUNTO DE ACCESO ADICIONAL DE MATERIA--NOMBRE DE ENTIDAD CORPORATIVA
Nombre de entidad corporativa o nombre de jurisdicción como elemento de entrada Universidad Literaria de Salamanca-
Subdivisión de forma Memorias.
9 (RLIN) 155720
852 ## - LOCALIZACIÓN
Ubicación ES-MaACL
Número de control de estantería T-1068-F-4
Holdings
Estatus retirado Estado de pérdida Estado de daño No para préstamo Colección Biblioteca de origen Biblioteca actual Ubicación en estantería Fecha de adquisición Fuente de adquisición Total de préstamos Signatura topográfica completa Código de barras Visto por última vez Precio de reemplazo Tipo de ítem Koha
        Colección de folletos Biblioteca del Ateneo de Madrid Biblioteca del Ateneo de Madrid Depósito folletos 22/10/2008     T-1068-F-4 1178067 23/02/2023 23/02/2023 Folleto